000 01889cam a22004574i 4500
003 PE-LiUPU
005 20250731173312.0
008 150616s1978 sp a r 000 0 spa d
035 _a(Sirsi) a3712
040 _aPE-LiUPU
_bspa
_cPE-LiUPU
_erda
049 _aPRUA
082 0 4 _a289.9
_bC26
_221
100 1 _aCarrera, Antonio,
_eautor.
245 1 0 _a70 ex-testigos de Jehová acusan a la secta /
_cAntonio Carrera.
246 3 _aSetenta ex-testigos de Jehová acusan a la secta
264 1 _aBilbao :
_bUrigüen Dochao,
_c1978.
300 _a221 páginas :
_bilustraciones ;
_c20 centímetros
336 _atext
_2rdacontent
337 _aunmediated
_2rdamedia
338 _avolume
_2rdacarrier
505 0 _aCartas de ex-testigos acusando a la secta -- Cartas de tragedias con familiares testigos -- Cartas de testigos insultando al autor -- Conozca más a fondo a los testigos de Jehová -- Cartas de elogios al autor -- Cartas de renuncia a la secta -- Cartas de expulsión a testigos -- Cartas a la central de la secta -- Los testigos de Jehová en los periódicos -- ¿Que hacer ante los testigos de Jehová?.
526 _aSEG42
526 _aSEG41
526 _aSEG40
526 _aSEG39
526 _aP94
526 _aP87
526 _aP86
526 _aP85
526 _aP77
526 _aP76
526 _aP35
650 0 4 _aTestigos de Jehova - Recusación.
910 _ajck
_bjvq
_cjck
942 _2ddc
_cBOOK
949 _a289.9 C26
_wDEWEY
_c1
_i21588
_lCCODEBUL1
_mBUL
_p00.00
_r0
_sY
_tBOOK
_u19830430
_xTEOLOGIA
_zUNKNOWN
_0COMPRA
_o.STAFF. Colección General
994 _aC0
_bPEPRU
596 _a1
999 _a289.9 C26
_wDEWEY
_c45268
_i21588
_f2021-11-12
_g5
_lCCODEBUL1
_mBUL
_p10.00
_r0
_sY
_tBOOK
_u2015-6-16
_xTEOLOGIA
_PP35
_0COMPRA
_o.STAFF. Colección Teología
_d45268
980 _81
_gALBERTO SANCHEZ Responsable de Automatización